| 000 | 00410nam a22001697a 4500 | ||
|---|---|---|---|
| 003 | SGT | ||
| 020 | _a9781260441109 | ||
| 082 |
_a616.5505 _bM19Z |
||
| 100 | _aZINNER, MICHAIL J. | ||
| 245 | _aMAINGOT'S ABDOMINAL OPERATION | ||
| 250 | _a13TH | ||
| 260 |
_aNEW YORK _bMCGRAW HILL PUB _c2019 |
||
| 300 | _a1483 | ||
| 650 | _aGENERAL SURGERY | ||
| 653 | _aMAINGOT'S ABDOMINAL OPERATION | ||
| 942 |
_2ddc _cBK |
||
| 999 |
_c25113 _d25113 |
||